000 00262nam a22001097a 4500
008 170119b xxu||||| |||| 00| 0 eng d
020 _a9780781792868
041 _aeng
080 _a618.2
245 _aNURSING 2009/ DRUG HANDBOOK
_cSCHILLING, J.A
942 _2udc
_cBK
999 _c3159
_d3159